[Event "Olomouc Chess Summer 2024 - A"]
[Site "Olomouc (CZE), Hotel Flora"]
[Date "2024.08.10"]
[Round "1"]
[Board "3"]
[White "Adarsh, Tripathi"]
[Black "Willow, Jonah B"]
[Result "0-1"]
[WhiteElo "2368"]
[BlackElo "2414"]
[PlyCount "90"]
[EventDate "2024.08.10"]
[EventRounds "9"]
[EventCountry "CZE"]

1. e4 e6 2. d4 d5 3. e5 c5 4. c3 Nc6 5. Nf3 Bd7 6. Be2 f6 7. O-O fxe5 8. Nxe5 Nxe5
9. dxe5 Qc7 10. Re1 O-O-O 11. Bf3 Ne7 12. a4 Ng6 13. Qe2 Nh4 14. Bg4 Be7 15. Na3
a6 16. b4 g6 17. b5 c4 18. Be3 h5 19. Bh3 g5 20. bxa6 bxa6 21. Reb1 g4 22. Bb6 Qc6
23. Qb2 Bxa3 24. Rxa3 Qb7 25. Qc1 Rdg8 26. Ba5 gxh3 27. Rxb7 Nf3+ 28. Kf1 hxg2+ 29.
Ke2 Kxb7 30. Qe3 Ka8 31. Ra1 g1=Q 32. Rxg1 Nxg1+ 33. Kf1 Bc8 34. Bb4 Rh7 35. Qb6
Nf3 36. Qc6+ Bb7 37. Qxe6 Rhh8 38. Qb6 Nxe5 39. Bc5 Nc6 40. Be3 Rd8 41. Qc5 Rd7 42.
Qb6 Rc8 43. Bc5 d4 44. cxd4 c3 45. Ke1 Rxd4  0-1

[Event "Olomouc Chess Summer 2024 - A"]
[Site "Olomouc (CZE), Hotel Flora"]
[Date "2024.08.10"]
[Round "1"]
[Board "4"]
[White "Molenda, Marcin"]
[Black "Szwed, Jacek"]
[Result "0-1"]
[WhiteElo "2384"]
[BlackElo "2329"]
[PlyCount "68"]
[EventDate "2024.08.10"]
[EventRounds "9"]
[EventCountry "CZE"]

1. d4 d5 2. c4 dxc4 3. Nf3 Nf6 4. e3 b5 5. a4 b4 6. Bxc4 e6 7. O-O Be7 8. Qe2 Bb7
9. Nbd2 O-O 10. e4 c5 11. e5 Nfd7 12. a5 a6 13. Nb3 Nc6 14. Rd1 Qc7 15. Bf4 Nxd4
16. Nfxd4 cxd4 17. Nxd4 Nc5 18. f3 Rfd8 19. Nc2 Rxd1+ 20. Qxd1 Na4 21. b3 Nb2 22.
Qe2 Nxc4 23. bxc4 Rc8 24. Ne3 Bc5 25. Kh1 Bd4 26. Rd1 Bc3 27. Qd3 h6 28. Qd6 Qxa5
29. Qe7 Bc6 30. Ng4 Ba4 31. Bxh6 Bxe5 32. Qg5 f5 33. Re1 Bc3 34. h4 Qd8  0-1

[Event "Olomouc Chess Summer 2024 - A"]
[Site "Olomouc (CZE), Hotel Flora"]
[Date "2024.08.10"]
[Round "1"]
[Board "5"]
[White "Natsidis, Christoph"]
[Black "Kuru, Atilla"]
[Result "0-1"]
[WhiteElo "2338"]
[BlackElo "2374"]
[PlyCount "70"]
[EventDate "2024.08.10"]
[EventRounds "9"]
[EventCountry "CZE"]

1. d4 d6 2. e4 Nf6 3. Nc3 e5 4. Nge2 c6 5. g3 Nbd7 6. Bg2 b5 7. a3 Qc7 8. O-O Bb7
9. h3 Be7 10. Be3 Nb6 11. b3 h5 12. a4 b4 13. Na2 c5 14. a5 Nbd7 15. dxc5 dxc5 16.
c3 Nxe4 17. cxb4 Nef6 18. bxc5 Bxg2 19. Kxg2 Qb7+ 20. f3 Nxc5 21. Bxc5 Bxc5 22. b4
Be7 23. Qa4+ Kf8 24. a6 Qb6 25. Nec3 h4 26. g4 Qe3 27. Qc6 Rd8 28. Rad1 Rxd1 29.
Rxd1 g6 30. Qb7 Rg8 31. Rf1 Bd8 32. Ne4 Bb6 33. Nc5 Kg7 34. Qc6 Rd8 35. Rf2 Rd2  0-1

[Event "Olomouc Chess Summer 2024 - A"]
[Site "Olomouc (CZE), Hotel Flora"]
[Date "2024.08.11"]
[Round "2"]
[Board "2"]
[White "Szwed, Jacek"]
[Black "Natsidis, Christoph"]
[Result "1/2-1/2"]
[WhiteElo "2329"]
[BlackElo "2338"]
[PlyCount "51"]
[EventDate "2024.08.10"]
[EventRounds "9"]
[EventCountry "CZE"]

1. e4 c5 2. Nc3 e6 3. Nge2 a6 4. g3 Qc7 5. Bg2 Nf6 6. O-O d6 7. d4 cxd4 8. Nxd4 Bd7
9. a4 Be7 10. a5 Nc6 11. Nb3 O-O 12. g4 Ne5 13. g5 Ne8 14. f4 Nc4 15. f5 d5 16. fxe6
fxe6 17. Rxf8+ Bxf8 18. exd5 e5 19. Ne4 Rd8 20. Qf3 g6 21. Qc3 Bf5 22. Ra4 Rc8 23.
Kh1 Bxe4 24. Bxe4 Ned6 25. Bg2 Bg7 26. Qh3  1/2-1/2

[Event "Olomouc Chess Summer 2024 - A"]
[Site "Olomouc (CZE), Hotel Flora"]
[Date "2024.08.11"]
[Round "2"]
[Board "3"]
[White "Willow, Jonah B"]
[Black "Molenda, Marcin"]
[Result "1/2-1/2"]
[WhiteElo "2414"]
[BlackElo "2384"]
[PlyCount "43"]
[EventDate "2024.08.10"]
[EventRounds "9"]
[EventCountry "CZE"]

1. e4 e6 2. d4 d5 3. e5 c5 4. c3 Nc6 5. Nf3 Qb6 6. a3 Nh6 7. Bd3 cxd4 8. O-O Bd7
9. b4 a6 10. Kh1 Rc8 11. cxd4 Be7 12. Be3 Nf5 13. Nbd2 Na7 14. Nb3 Ba4 15. Qb1 Nxe3
16. fxe3 Bxb3 17. Qxb3 O-O 18. Rac1 Rc7 19. Qb1 g6 20. Rxc7 Qxc7 21. Rc1 Qd7 22.
Rc2  1/2-1/2

[Event "Olomouc Chess Summer 2024 - A"]
[Site "Olomouc (CZE), Hotel Flora"]
[Date "2024.08.11"]
[Round "2"]
[Board "4"]
[White "Pacher, Milan"]
[Black "Adarsh, Tripathi"]
[Result "1/2-1/2"]
[WhiteElo "2365"]
[BlackElo "2368"]
[PlyCount "64"]
[EventDate "2024.08.10"]
[EventRounds "9"]
[EventCountry "CZE"]

1. d4 d5 2. c4 e6 3. Nf3 a6 4. Bg5 Be7 5. Bxe7 Qxe7 6. e3 Nf6 7. Nc3 O-O 8. Rc1 Nbd7
9. cxd5 exd5 10. Bd3 c5 11. dxc5 Nxc5 12. O-O Bg4 13. Be2 Rfd8 14. h3 Bxf3 15. Bxf3
Ne6 16. Nxd5 Nxd5 17. Bxd5 Qg5 18. e4 Nf4 19. g3 Nxd5 20. exd5 Qxd5 21. Qxd5 Rxd5
22. Rfd1 Rxd1+ 23. Rxd1 Kf8 24. Rd7 b5 25. a3 Ke8 26. Rb7 Rd8 27. Rb6 Ra8 28. Rb7
Rd8 29. Ra7 Rd3 30. Rxa6 Rb3 31. a4 bxa4 32. Rxa4 Rxb2  1/2-1/2

[Event "Olomouc Chess Summer 2024 - A"]
[Site "Olomouc (CZE), Hotel Flora"]
[Date "2024.08.11"]
[Round "2"]
[Board "5"]
[White "Neuman, Petr"]
[Black "Polak, Tomas"]
[Result "1/2-1/2"]
[WhiteElo "2426"]
[BlackElo "2514"]
[PlyCount "20"]
[EventDate "2024.08.10"]
[EventRounds "9"]
[EventCountry "CZE"]

1. d4 d5 2. c4 e6 3. Nc3 Nf6 4. cxd5 exd5 5. Bg5 c6 6. e3 Be7 7. Bd3 O-O 8. Nge2
Nbd7 9. O-O Re8 10. Qc2 Nf8  1/2-1/2

[Event "Olomouc Chess Summer 2024 - A"]
[Site "Olomouc (CZE), Hotel Flora"]
[Date "2024.08.11"]
[Round "3"]
[Board "2"]
[White "Adarsh, Tripathi"]
[Black "Neuman, Petr"]
[Result "1/2-1/2"]
[WhiteElo "2368"]
[BlackElo "2426"]
[PlyCount "56"]
[EventDate "2024.08.10"]
[EventRounds "9"]
[EventCountry "CZE"]

1. e4 c6 2. d4 d5 3. e5 Bf5 4. Nf3 e6 5. Be2 Ne7 6. c3 Nd7 7. O-O c5 8. dxc5 Nc6
9. Nd4 Bxb1 10. Rxb1 Bxc5 11. f4 O-O 12. Kh1 Qe7 13. Bf3 Bb6 14. Re1 Nxd4 15. cxd4
f5 16. exf6 Qxf6 17. Be3 Nb8 18. f5 Qxf5 19. Bg4 Qg6 20. Bg1 Rf6 21. Qe2 Nc6 22.
Bxe6+ Kh8 23. Bxd5 Nxd4 24. Bxd4 Bxd4 25. Bxb7 Raf8 26. Rbd1 Rf2 27. Rf1 Rxf1+ 28.
Rxf1 Rxf1+  1/2-1/2

[Event "Olomouc Chess Summer 2024 - A"]
[Site "Olomouc (CZE), Hotel Flora"]
[Date "2024.08.11"]
[Round "3"]
[Board "3"]
[White "Molenda, Marcin"]
[Black "Pacher, Milan"]
[Result "1-0"]
[WhiteElo "2384"]
[BlackElo "2365"]
[PlyCount "63"]
[EventDate "2024.08.10"]
[EventRounds "9"]
[EventCountry "CZE"]

1. d4 d5 2. c4 c6 3. Nf3 Nf6 4. e3 Bg4 5. Nc3 e6 6. h3 Bxf3 7. Qxf3 Nbd7 8. Qd1 Bd6
9. Be2 O-O 10. O-O dxc4 11. Bxc4 e5 12. Bb3 Qe7 13. Bd2 Rad8 14. Qc2 exd4 15. exd4
Bb8 16. g3 Nb6 17. Rfe1 Qd7 18. Bg5 Qxh3 19. Bxf6 gxf6 20. Re4 Qf5 21. Kg2 Nd5 22.
Rh1 h5 23. Qe2 Qg6 24. Bxd5 cxd5 25. Reh4 f5 26. Qxh5 Kg7 27. Qf3 Rfe8 28. Nxd5 Re6
29. Rh7+ Qxh7 30. Rxh7+ Kxh7 31. Qh5+ Rh6 32. Nf6+  1-0

[Event "Olomouc Chess Summer 2024 - A"]
[Site "Olomouc (CZE), Hotel Flora"]
[Date "2024.08.11"]
[Round "3"]
[Board "4"]
[White "Natsidis, Christoph"]
[Black "Willow, Jonah B"]
[Result "0-1"]
[WhiteElo "2338"]
[BlackElo "2414"]
[PlyCount "136"]
[EventDate "2024.08.10"]
[EventRounds "9"]
[EventCountry "CZE"]

1. d4 Nf6 2. c4 g6 3. Nf3 Bg7 4. g3 O-O 5. Bg2 d6 6. O-O Nc6 7. Nc3 Bf5 8. d5 Na5
9. Nd4 Bd7 10. Qd3 c5 11. Nb3 a6 12. Bd2 Rb8 13. Nd1 Nxb3 14. axb3 Qc8 15. Nc3 b5
16. Ra2 Rb6 17. Rfa1 Qb7 18. Bc1 Ra8 19. h3 Be8 20. Bf1 bxc4 21. bxc4 Nd7 22. Qc2
Ne5 23. e3 Rb4 24. Ne4 Nf3+ 25. Kh1 Qc8 26. Nd2 Ne5 27. Kh2 Nd7 28. Ra5 h5 29. R1a3
Nf6 30. b3 Bd7 31. Bg2 Rb6 32. Bb2 Rab8 33. Ba1 Qb7 34. Qa2 Bc8 35. Qc2 Qd7 36. Qd3
Qf5 37. Qxf5 gxf5 38. Bf3 Kh7 39. Kg2 Kg6 40. Ra2 Bb7 41. h4 Ng4 42. Bxg7 Kxg7 43.
Bxg4 hxg4 44. Kf1 e6 45. dxe6 fxe6 46. Ke2 e5 47. Ra1 Rf8 48. Rg1 Kh6 49. Kd3 Kh5
50. Raa1 Bc8 51. Rgf1 Rf7 52. Kc3 Rb8 53. Kd3 Bb7 54. Ke2 Rbf8 55. Rac1 Bg2 56. Rg1
f4 57. Kd3 fxe3 58. fxe3 Rf2 59. Ra1 d5 60. cxd5 Bxd5 61. Ra5 Rd8 62. Kc3 Bc6 63.
Nc4 Bb5 64. b4 e4 65. Nb2 cxb4+ 66. Kb3 Rc8 67. Nd1 Rd2 68. Kxb4 Rc1  0-1

[Event "Olomouc Chess Summer 2024 - A"]
[Site "Olomouc (CZE), Hotel Flora"]
[Date "2024.08.11"]
[Round "3"]
[Board "5"]
[White "Kuru, Atilla"]
[Black "Szwed, Jacek"]
[Result "1/2-1/2"]
[WhiteElo "2374"]
[BlackElo "2329"]
[PlyCount "143"]
[EventDate "2024.08.10"]
[EventRounds "9"]
[EventCountry "CZE"]

1. e4 e5 2. Nf3 Nf6 3. Nxe5 d6 4. Nd3 Nxe4 5. Qe2 Qe7 6. Nf4 Nf6 7. d4 d5 8. Be3
Bf5 9. Nc3 c6 10. O-O-O Nbd7 11. f3 h5 12. h4 O-O-O 13. Qd2 Nb6 14. Bd3 Qd7 15. Rhe1
Bb4 16. a3 Bd6 17. Nce2 Rhe8 18. Ng3 Bxd3 19. cxd3 g6 20. Nge2 Qe7 21. Nc3 Qc7 22.
Nh3 Bg3 23. Bf2 Bxf2 24. Qxf2 Nh7 25. Kc2 Nd7 26. Rd2 Ndf8 27. Rb1 Ne6 28. b4 Qb6
29. Ne2 Nf6 30. Kc3 Re7 31. Nc1 c5 32. dxc5 Nxc5 33. Kc2 Na4 34. Qxb6 Nxb6 35. Ne2
Kb8 36. Nd4 Rc8+ 37. Kb3 Re3 38. Nf4 Nc4 39. Rdd1 Nd6 40. Re1 Rce8 41. Rxe3 Rxe3
42. Kc3 a6 43. a4 Re8 44. Kd2 Rc8 45. Re1 Re8 46. Rg1 Rg8 47. Nh3 Kc7 48. Ke3 Kd7
49. g4 Rh8 50. g5 Re8+ 51. Kf2 Ng8 52. Nf4 Ne7 53. Nb3 b6 54. Nd4 Rc8 55. Re1 Ndf5
56. Nxf5 Nxf5 57. Nxd5 Rc2+ 58. Re2 Rxe2+ 59. Kxe2 b5 60. a5 Nxh4 61. Nf6+ Kc6 62.
Ne4 Nf5 63. Kf2 Nd4 64. Nc5 Ne6 65. Ne4 Kd5 66. Ke3 h4 67. f4 h3 68. Nf6+ Kc6 69.
Ng4 Kd5 70. Nf6+ Kc6 71. Ng4 Kd5 72. Nf6+  1/2-1/2

[Event "Olomouc Chess Summer 2024 - A"]
[Site "Olomouc (CZE), Hotel Flora"]
[Date "2024.08.12"]
[Round "4"]
[Board "2"]
[White "Willow, Jonah B"]
[Black "Kuru, Atilla"]
[Result "1-0"]
[WhiteElo "2414"]
[BlackElo "2374"]
[PlyCount "79"]
[EventDate "2024.08.10"]
[EventRounds "9"]
[EventCountry "CZE"]

1. e4 e6 2. d4 d5 3. Nc3 Bb4 4. e5 c5 5. a3 Bxc3+ 6. bxc3 Qa5 7. Bd2 Qa4 8. h4 Nc6
9. Nf3 b6 10. h5 h6 11. Rh4 c4 12. Rg4 Rh7 13. Ra2 Bd7 14. Rf4 f6 15. Qe2 O-O-O 16.
Kd1 Kb7 17. Kc1 Be8 18. exf6 Nxf6 19. Qxe6 Rd7 20. Ne5 Re7 21. Qd6 Rc7 22. g4 Ne7
23. Bg2 Qb5 24. a4 Qa6 25. Ng6 b5 26. Qxa6+ Kxa6 27. Nf8 Rh8 28. Ne6 Rc6 29. axb5+
Kxb5 30. Nxg7 Bd7 31. Rxa7 Rg8 32. Rxd7 Rxg7 33. Rxf6 Rxf6 34. Bxd5 Rxf2 35. Bxh6
Rxg4 36. Rb7+ Ka4 37. Ra7+ Kb5 38. Rb7+ Ka4 39. Bxc4 Nc8 40. Rb8  1-0

[Event "Olomouc Chess Summer 2024 - A"]
[Site "Olomouc (CZE), Hotel Flora"]
[Date "2024.08.12"]
[Round "4"]
[Board "3"]
[White "Pacher, Milan"]
[Black "Natsidis, Christoph"]
[Result "1/2-1/2"]
[WhiteElo "2365"]
[BlackElo "2338"]
[PlyCount "80"]
[EventDate "2024.08.10"]
[EventRounds "9"]
[EventCountry "CZE"]

1. d4 Nf6 2. c4 c5 3. e3 cxd4 4. exd4 d5 5. Nc3 g6 6. cxd5 Nxd5 7. Bc4 Nb6 8. Bb3
Bg7 9. Nf3 O-O 10. O-O Nc6 11. d5 Na5 12. Re1 Nxb3 13. axb3 Bg4 14. h3 Bxf3 15. Qxf3
Qd7 16. Bg5 Rfe8 17. Rad1 Nc8 18. Qg4 Qxg4 19. hxg4 h6 20. Bh4 g5 21. Bg3 a6 22.
d6 Nxd6 23. Nd5 Nb5 24. Nxe7+ Kf8 25. Nf5 Rxe1+ 26. Rxe1 Bxb2 27. Re7 Nd4 28. Rxb7
Nxf5 29. gxf5 Bd4 30. Kf1 Kg7 31. Ke2 a5 32. Kd3 Bf6 33. Rb8 Ra7 34. Ke2 a4 35. bxa4
Rxa4 36. Bd6 h5 37. Bf8+ Kg8 38. Be7+ Kg7 39. Bf8+ Kg8 40. Be7+ Kg7  1/2-1/2

[Event "Olomouc Chess Summer 2024 - A"]
[Site "Olomouc (CZE), Hotel Flora"]
[Date "2024.08.12"]
[Round "4"]
[Board "4"]
[White "Neuman, Petr"]
[Black "Molenda, Marcin"]
[Result "1/2-1/2"]
[WhiteElo "2426"]
[BlackElo "2384"]
[PlyCount "53"]
[EventDate "2024.08.10"]
[EventRounds "9"]
[EventCountry "CZE"]

1. c4 e6 2. Nc3 d5 3. d4 Nf6 4. cxd5 exd5 5. Bg5 c6 6. e3 h6 7. Bh4 Be7 8. Bd3 O-O
9. Nge2 Ne8 10. Bg3 Nd6 11. Qc2 Be6 12. O-O Nd7 13. Nf4 Nf6 14. f3 Rc8 15. Rad1 c5
16. dxc5 Rxc5 17. Bf2 Qc8 18. Qb3 Nc4 19. Nxe6 fxe6 20. e4 Nxb2 21. Qxb2 Rxc3 22.
Rc1 Rc6 23. Bb5 Rxc1 24. Rxc1 Qd8 25. e5 Nd7 26. Bxa7 Qa5 27. Bxd7  1/2-1/2

[Event "Olomouc Chess Summer 2024 - A"]
[Site "Olomouc (CZE), Hotel Flora"]
[Date "2024.08.12"]
[Round "4"]
[Board "5"]
[White "Polak, Tomas"]
[Black "Adarsh, Tripathi"]
[Result "1-0"]
[WhiteElo "2514"]
[BlackElo "2368"]
[PlyCount "109"]
[EventDate "2024.08.10"]
[EventRounds "9"]
[EventCountry "CZE"]

1. e4 c5 2. Nf3 e6 3. b3 Nc6 4. Bb2 a6 5. c4 Qc7 6. h3 d6 7. d4 cxd4 8. Nxd4 Nf6
9. Nc3 Be7 10. Be2 O-O 11. O-O Rd8 12. Rc1 Qb8 13. Qd3 Bd7 14. a4 Qa7 15. Nc2 Qb6
16. Ba3 d5 17. Bxe7 Nxe7 18. cxd5 exd5 19. e5 Ne8 20. Nd4 Nc6 21. Nf3 Be6 22. Ng5
g6 23. Qg3 Ng7 24. Bg4 Nd4 25. Qe3 Qa7 26. Rfd1 Nxb3 27. Qxa7 Rxa7 28. Nxd5 Bxd5
29. Rxd5 Rxd5 30. Rc8+ Ne8 31. Rxe8+ Kg7 32. Re7 h6 33. Rxf7+ Kg8 34. Rc7 Nd4 35.
Ne4 Rxe5 36. Nf6+ Kf8 37. Nd7+ Ke7 38. Nxe5+ Kd6 39. Rg7 Kxe5 40. Rxg6 b5 41. Rxh6
b4 42. Rb6 a5 43. h4 Rc7 44. g3 b3 45. h5 Ke4 46. h6 Kd3 47. Bh5 Kc3 48. Bg6 Kb2
49. Rb8 Nf3+ 50. Kg2 Ng5 51. Rb5 Nh7 52. Rxa5 Ka3 53. g4 b2 54. Rb5 Ka2 55. a5  1-0

[Event "Olomouc Chess Summer 2024 - A"]
[Site "Olomouc (CZE), Hotel Flora"]
[Date "2024.08.13"]
[Round "5"]
[Board "2"]
[White "Molenda, Marcin"]
[Black "Polak, Tomas"]
[Result "1/2-1/2"]
[WhiteElo "2384"]
[BlackElo "2514"]
[PlyCount "37"]
[EventDate "2024.08.10"]
[EventRounds "9"]
[EventCountry "CZE"]

1. d4 d5 2. c4 dxc4 3. Nf3 Nf6 4. e3 e6 5. Bxc4 c5 6. O-O a6 7. Nc3 b5 8. Be2 Bb7
9. dxc5 Bxc5 10. Qxd8+ Kxd8 11. Nd2 Nbd7 12. Nb3 Rc8 13. Nxc5 Nxc5 14. Bd2 b4 15.
Nd1 a5 16. f3 Ke7 17. e4 Rhd8 18. Be3 Nfd7 19. Bf2  1/2-1/2

[Event "Olomouc Chess Summer 2024 - A"]
[Site "Olomouc (CZE), Hotel Flora"]
[Date "2024.08.13"]
[Round "5"]
[Board "5"]
[White "Szwed, Jacek"]
[Black "Willow, Jonah B"]
[Result "0-1"]
[WhiteElo "2329"]
[BlackElo "2414"]
[PlyCount "106"]
[EventDate "2024.08.10"]
[EventRounds "9"]
[EventCountry "CZE"]

1. e4 e6 2. d4 d5 3. Nd2 Be7 4. Ngf3 Nf6 5. exd5 exd5 6. Bd3 O-O 7. O-O Bg4 8. c3
c5 9. Qc2 c4 10. Bf5 Bxf3 11. Nxf3 g6 12. Bh3 Nc6 13. Bh6 Re8 14. Ng5 Bd6 15. Rae1
Qc7 16. g3 Kh8 17. Qd2 Ng8 18. Nf3 b5 19. Rxe8 Rxe8 20. Re1 Rxe1+ 21. Nxe1 b4 22.
Ng2 b3 23. axb3 cxb3 24. Bf4 a5 25. Qd1 a4 26. Qa1 a3 27. Bxd6 Qxd6 28. bxa3 Nf6
29. Ne3 Qb8 30. Qb2 Na5 31. Bf1 Qc7 32. Bg2 Qd7 33. h3 Kg8 34. Kf1 Qe6 35. Ke2 h5
36. Kd1 Ne4 37. Bxe4 Qxe4 38. Ke2 f5 39. h4 g5 40. hxg5 h4 41. c4 h3 42. Qc3 Nc6
43. cxd5 Nxd4+ 44. Kd2 Nf3+ 45. Ke2 Nd4+ 46. Kd2 Nf3+ 47. Ke2 Ng1+ 48. Kd2 Qe8 49.
Qc6 Nf3+ 50. Kc1 Qxc6+ 51. dxc6 h2 52. c7 h1=Q+ 53. Kb2 Qh8+  0-1

[Event "Olomouc Chess Summer 2024 - A"]
[Site "Olomouc (CZE), Hotel Flora"]
[Date "2024.08.14"]
[Round "6"]
[Board "2"]
[White "Pacher, Milan"]
[Black "Szwed, Jacek"]
[Result "1/2-1/2"]
[WhiteElo "2365"]
[BlackElo "2329"]
[PlyCount "92"]
[EventDate "2024.08.10"]
[EventRounds "9"]
[EventCountry "CZE"]

1. d4 Nf6 2. c4 c5 3. d5 g6 4. Nc3 Bg7 5. e4 d6 6. Nf3 O-O 7. Bd3 Bg4 8. h3 Bxf3
9. Qxf3 Nbd7 10. O-O Ne5 11. Qd1 Nxd3 12. Qxd3 Nd7 13. Bg5 Re8 14. Rae1 a6 15. f4
b5 16. cxb5 axb5 17. Qxb5 Rb8 18. Qe2 Bd4+ 19. Kh1 Qa5 20. e5 dxe5 21. fxe5 Nxe5
22. d6 Bxc3 23. bxc3 exd6 24. Bf6 Qxc3 25. Qa6 Qd3 26. Qa7 Qd5 27. Rd1 Nd3 28. Rd2
c4 29. Bc3 Rb7 30. Qa4 Rbe7 31. Qd1 f5 32. a4 Re3 33. Kh2 Qe4 34. a5 Qc6 35. Ra2
Ne5 36. Bxe5 R3xe5 37. a6 Ra8 38. a7 Re7 39. Qd4 Qc5 40. Qxc5 dxc5 41. Rfa1 Kf7 42.
Kg3 c3 43. Kf3 Rb7 44. Ke2 c4 45. Kd1 Rb2 46. Kc1 Ke6  1/2-1/2

[Event "Olomouc Chess Summer 2024 - A"]
[Site "Olomouc (CZE), Hotel Flora"]
[Date "2024.08.14"]
[Round "6"]
[Board "3"]
[White "Neuman, Petr"]
[Black "Kuru, Atilla"]
[Result "1/2-1/2"]
[WhiteElo "2426"]
[BlackElo "2374"]
[PlyCount "65"]
[EventDate "2024.08.10"]
[EventRounds "9"]
[EventCountry "CZE"]

1. d4 d5 2. c4 c6 3. e3 e6 4. Nc3 f5 5. Bd3 Bd6 6. Nge2 Nf6 7. f3 O-O 8. Qc2 Nbd7
9. Bd2 dxc4 10. Bxc4 Nb6 11. Bb3 Nfd5 12. g3 Nb4 13. Qb1 c5 14. a3 Nc6 15. Qa2 cxd4
16. Nxd4 Nxd4 17. exd4 Qf6 18. d5 Qe5+ 19. Kd1 Nxd5 20. Bxd5 exd5 21. Re1 Qd4 22.
Qxd5+ Qxd5 23. Nxd5 Bd7 24. Ke2 Bc6 25. Bb4 Rfe8+ 26. Kf2 Bxg3+ 27. hxg3 Bxd5 28.
Rxe8+ Rxe8 29. Re1 Rxe1 30. Bxe1 Kf7 31. f4 Kg6 32. Bc3 Kh6 33. Ke3  1/2-1/2

[Event "Olomouc Chess Summer 2024 - A"]
[Site "Olomouc (CZE), Hotel Flora"]
[Date "2024.08.14"]
[Round "6"]
[Board "4"]
[White "Polak, Tomas"]
[Black "Natsidis, Christoph"]
[Result "0-1"]
[WhiteElo "2514"]
[BlackElo "2338"]
[PlyCount "70"]
[EventDate "2024.08.10"]
[EventRounds "9"]
[EventCountry "CZE"]

1. e4 c5 2. Nf3 e6 3. c3 d5 4. e5 Nc6 5. g3 f6 6. exf6 Nxf6 7. d4 Bd6 8. Bg2 O-O
9. O-O Bd7 10. Re1 Qb6 11. Ne5 cxd4 12. Nxd7 Nxd7 13. Rxe6 Be5 14. Bxd5 Kh8 15. Bxc6
dxc3 16. Nxc3 Qxf2+ 17. Kh1 bxc6 18. Qe2 Qf7 19. Rxe5 Nxe5 20. Bf4 Ng6 21. Bd6 Rfe8
22. Qf1 Qe6 23. Bc5 Qe5 24. Qc4 a5 25. Rf1 Rad8 26. Rf2 Qe1+ 27. Rf1 Qe5 28. Rf2
Qe1+ 29. Rf1 Qd2 30. Bb6 Rb8 31. Bg1 Ne5 32. Qf4 Qxf4 33. gxf4 Nd3 34. b3 Rb4 35.
Rf3 Nxf4  0-1

[Event "Olomouc Chess Summer 2024 - A"]
[Site "Olomouc (CZE), Hotel Flora"]
[Date "2024.08.14"]
[Round "6"]
[Board "5"]
[White "Adarsh, Tripathi"]
[Black "Molenda, Marcin"]
[Result "1/2-1/2"]
[WhiteElo "2368"]
[BlackElo "2384"]
[PlyCount "63"]
[EventDate "2024.08.10"]
[EventRounds "9"]
[EventCountry "CZE"]

1. e4 e6 2. d4 d5 3. e5 c5 4. c3 Nc6 5. Nf3 Qb6 6. Be2 cxd4 7. cxd4 Nh6 8. Bxh6 Qxb2
9. Nc3 Qxc3+ 10. Bd2 Qa3 11. h4 h6 12. Rh3 Qe7 13. h5 Qc7 14. Kf1 Bd7 15. Rb1 Rc8
16. Qb3 Na5 17. Bxa5 Qxa5 18. Qxb7 Qc7 19. Ne1 Be7 20. Qa6 O-O 21. Rb7 Qc1 22. Rhb3
Rfd8 23. Rb1 Qc3 24. Rxa7 Bf8 25. Rb3 Qc1 26. Qd3 Be8 27. Rab7 Qa1 28. Bd1 Rc1 29.
Rb1 Rxb1 30. Rxb1 Qxa2 31. Bc2 Qc4 32. Ke2  1/2-1/2

[Event "Olomouc Chess Summer 2024 - A"]
[Site "Olomouc (CZE), Hotel Flora"]
[Date "2024.08.15"]
[Round "7"]
[Board "2"]
[White "Natsidis, Christoph"]
[Black "Adarsh, Tripathi"]
[Result "1-0"]
[WhiteElo "2338"]
[BlackElo "2368"]
[PlyCount "25"]
[EventDate "2024.08.10"]
[EventRounds "9"]
[EventCountry "CZE"]

1. d4 d5 2. c4 e6 3. Nf3 a6 4. Nbd2 Nf6 5. g3 dxc4 6. Nxc4 b5 7. Nce5 Bb7 8. Bg2
Be7 9. Nxf7 Bxf3 10. Nxd8 Bxg2 11. Nxe6 Bxh1 12. f3 Ra7 13. Kf2  1-0

[Event "Olomouc Chess Summer 2024 - A"]
[Site "Olomouc (CZE), Hotel Flora"]
[Date "2024.08.15"]
[Round "7"]
[Board "3"]
[White "Kuru, Atilla"]
[Black "Polak, Tomas"]
[Result "1/2-1/2"]
[WhiteElo "2374"]
[BlackElo "2514"]
[PlyCount "122"]
[EventDate "2024.08.10"]
[EventRounds "9"]
[EventCountry "CZE"]

1. e4 c6 2. d4 d5 3. exd5 cxd5 4. c4 Nf6 5. Nc3 Nc6 6. Nf3 a6 7. cxd5 Nxd5 8. Bc4
Be6 9. Bb3 Nxc3 10. bxc3 Bxb3 11. axb3 e6 12. O-O Be7 13. Be3 O-O 14. Qd3 Qd5 15.
c4 Qh5 16. Qe4 Rfd8 17. Rfd1 Qg6 18. Qxg6 hxg6 19. Ne5 Rac8 20. Kf1 Bf6 21. f4 Rd6
22. Rd2 Kf8 23. Ke2 Ke7 24. Kf3 Ke8 25. Ke4 Bd8 26. Rad1 Ba5 27. Ra2 Bd8 28. Rb2
Ne7 29. Bf2 Bb6 30. Rd3 f6 31. c5 Rd5 32. Nc4 Bc7 33. b4 Kd7 34. Rdb3 Rb8 35. b5
axb5 36. Rxb5 Kc8 37. Be1 Nc6 38. Bc3 Rh5 39. g3 f5+ 40. Kf3 g5 41. fxg5 Rxg5 42.
Ne3 Ne7 43. Ba5 Bxa5 44. Rxa5 Rh5 45. h4 g5 46. hxg5 Nc6 47. Ra4 Rxg5 48. d5 exd5
49. Kf4 Rg6 50. Nxd5 Rg4+ 51. Kxf5 Rxa4 52. Nb6+ Kc7 53. Nxa4 Rf8+ 54. Ke6 Nd4+ 55.
Ke5 Nf3+ 56. Kd5 Rg8 57. Nc3 Rxg3 58. Nb5+ Kd7 59. Nd6 Rg5+ 60. Kc4 Ne5+ 61. Kb5
Nd3  1/2-1/2

[Event "Olomouc Chess Summer 2024 - A"]
[Site "Olomouc (CZE), Hotel Flora"]
[Date "2024.08.15"]
[Round "7"]
[Board "4"]
[White "Szwed, Jacek"]
[Black "Neuman, Petr"]
[Result "1/2-1/2"]
[WhiteElo "2329"]
[BlackElo "2426"]
[PlyCount "50"]
[EventDate "2024.08.10"]
[EventRounds "9"]
[EventCountry "CZE"]

1. e4 c6 2. d4 d5 3. Nc3 dxe4 4. Nxe4 Nf6 5. Nxf6+ exf6 6. Bd3 Bd6 7. Qh5 g6 8. Qh6
Bf8 9. Qe3+ Be7 10. Ne2 O-O 11. Bd2 Re8 12. Qf3 Be6 13. c4 Nd7 14. O-O Nf8 15. Rad1
Qb6 16. d5 cxd5 17. cxd5 Bd7 18. Be3 Qxb2 19. Rb1 Qa3 20. Rb3 Qxa2 21. Rxb7 Qa3 22.
Bc1 Qd6 23. Bf4 Qa3 24. Bc1 Qd6 25. Bf4 Qa3  1/2-1/2

[Event "Olomouc Chess Summer 2024 - A"]
[Site "Olomouc (CZE), Hotel Flora"]
[Date "2024.08.15"]
[Round "7"]
[Board "5"]
[White "Willow, Jonah B"]
[Black "Pacher, Milan"]
[Result "1/2-1/2"]
[WhiteElo "2414"]
[BlackElo "2365"]
[PlyCount "23"]
[EventDate "2024.08.10"]
[EventRounds "9"]
[EventCountry "CZE"]

1. e4 c5 2. Nf3 Nc6 3. d4 cxd4 4. Nxd4 Nf6 5. Nc3 e5 6. Ndb5 d6 7. Bg5 a6 8. Na3
b5 9. Bxf6 gxf6 10. Nd5 f5 11. Bd3 Be6 12. c3  1/2-1/2

[Event "Olomouc Chess Summer 2024 - A"]
[Site "Olomouc (CZE), Hotel Flora"]
[Date "2024.08.16"]
[Round "8"]
[Board "2"]
[White "Neuman, Petr"]
[Black "Willow, Jonah B"]
[Result "1-0"]
[WhiteElo "2426"]
[BlackElo "2414"]
[PlyCount "131"]
[EventDate "2024.08.10"]
[EventRounds "9"]
[EventCountry "CZE"]

1. d4 d5 2. c4 e6 3. Nc3 c6 4. e4 dxe4 5. Nxe4 Bb4+ 6. Bd2 Qxd4 7. Bxb4 Qxe4+ 8.
Be2 Na6 9. Ba5 b6 10. Bc3 Nc5 11. Nf3 Nf6 12. O-O Bb7 13. b4 Ncd7 14. Nd4 Ne5 15.
Re1 O-O-O 16. Bf1 Qh4 17. Qe2 Ng6 18. Nf3 Qh5 19. c5 Nf4 20. Qb2 N6d5 21. Be5 f6
22. Bd6 Qg4 23. Kh1 Rxd6 24. cxd6 Nxg2 25. Ne5 fxe5 26. Bxg2 Nf4 27. Be4 Nd3 28.
Qc2 Nxe1 29. Rxe1 Kb8 30. f3 Qh4 31. Rd1 Qd8 32. Bxc6 Bxc6 33. Qxc6 Qc8 34. b5 Rd8
35. a4 Qb7 36. Kg2 Rc8 37. d7 Rd8 38. Qxe6 Qc7 39. Rd2 Qc5 40. Kf1 Qc1+ 41. Ke2 Qc5
42. Qf7 g6 43. Qe6 Kc7 44. h4 Kb7 45. Qg4 Kb8 46. Qe4 Qc7 47. Qd5 Qc3 48. Rd3 Qc2+
49. Kf1 Qc5 50. Qxc5 bxc5 51. Rd5 c4 52. Ke2 Kc7 53. Kd2 Rxd7 54. Rxd7+ Kxd7 55.
Kc3 h5 56. a5 Kc7 57. Kxc4 Kd6 58. a6 Kc7 59. Kc5 g5 60. hxg5 h4 61. g6 h3 62. g7
h2 63. g8=Q h1=Q 64. Qf7+ Kd8 65. Qf8+ Kd7 66. Qd6+  1-0